| 000 | 00365pab a2200157 454500 | ||
|---|---|---|---|
| 008 | 180718b2011 xxu||||| |||| 00| 0 eng d | ||
| 100 | _aKijevcanin, Jasmina | ||
| 245 | _a(Un) sustainability in Serbia | ||
| 260 | _c2011 | ||
| 300 | _ap.259-260. | ||
| 362 | _aJun | ||
| 650 | _aSustainable development | ||
| 773 | _aDevelopment | ||
| 908 | _aN | ||
| 909 | _a92619 | ||
| 999 |
_c92619 _d92619 |
||